World economic outlook. May 2000 asset prices and the business cycle
Salvato in:
| Natura: | Libro |
|---|---|
| Lingua: | inglese |
| Pubblicazione: |
Washington
International Monetary Fund
2000
|
| Serie: | World economic and financial surveys
|
| Soggetti: | |
| Tags: |
Nessun Tag, puoi essere il primo ad aggiungerne!!
|
MARC
| LEADER | 00000nam a2200000 4500 | ||
|---|---|---|---|
| 001 | c122735 | ||
| 005 | 20221221083949.5 | ||
| 020 | |a 1-55775-936-7 | ||
| 022 | |a 0258-7440 | ||
| 041 | 0 | |a eng | |
| 044 | |a US | ||
| 245 | 1 | 0 | |a World economic outlook. May 2000 |b asset prices and the business cycle |
| 264 | 1 | |a Washington |b International Monetary Fund |c 2000 | |
| 300 | |a 288 s. | ||
| 490 | 1 | |a World economic and financial surveys | |
| 830 | 0 | |a World economic and financial surveys | |
| 610 | 2 | 0 | |a situácia hospodárska |
| 610 | 2 | 0 | |a politika hospodárska |
| 610 | 2 | 0 | |a krajiny rozvojové |
| 610 | 2 | 0 | |a krajiny vyspelé |
| 610 | 2 | 0 | |a obdobie prechodné |
| 610 | 2 | 0 | |a vývoj hospodársky |
| 610 | 2 | 0 | |a ukazovatele ekonomické |
| 610 | 2 | 0 | |a údaje štatistické |
| 610 | 2 | 0 | |a porovnanie štatistické medzinárodné |
| 610 | 2 | 0 | |a svet |
| 610 | 2 | 0 | |a Medzinárodný menový fond |
| 610 | 2 | 0 | |a máj |
| 610 | 2 | 0 | |a 2000 |